|
|
|
|
| LEADER |
00000nab a2200000 a 4500 |
| 001 |
vtls000458583 |
| 003 |
SK-MaSNL |
| 005 |
20260318125121.0 |
| 008 |
230223c1992 xo 0 eng |
| 015 |
|
|
|a SNBRB19rr/mm-uuuuu
|
| 035 |
|
|
|a CL0458714
|
| 035 |
|
|
|a urn:nbn:sk:snk-ab7168
|
| 035 |
|
|
|a (uuid)91a756b6-ca4c-454b-b3b2-ad2c8bd9249a
|
| 035 |
|
|
|a (urnnbn)urn:nbn:sk:snk:ar-a06hv3
|
| 035 |
|
|
|a (sysno)vtls000458583
|
| 040 |
|
|
|a SNKBUCL
|b slo
|c SNKBUCL
|e AACR2
|
| 041 |
0 |
|
|a eng
|
| 044 |
|
|
|a xo
|c SK
|
| 080 |
|
|
|a 616.34-006.6
|2 1981
|
| 080 |
|
|
|a 577.15
|2 1981
|
| 245 |
0 |
0 |
|a An inactive cathepsin B-like enzyme and cysteine proteinase inhibitors in colon cancer ascites
|c Y. Matsuoka ... [et al.]
|
| 300 |
|
|
|b Obr. 3. Tb. 4. Grafy 5. Res. angl., lit. 34 zázn. v angl.
|
| 650 |
0 |
7 |
|a črevo
|2 snkbucl
|9 1014778
|
| 650 |
0 |
7 |
|a rakovina čriev
|2 snkbucl
|9 1268048
|
| 650 |
0 |
7 |
|a cysteínové proteázy
|2 snkbucl
|9 247299
|
| 650 |
0 |
7 |
|a enzýmy
|2 snkbucl
|9 2463
|
| 655 |
|
7 |
|a články z novín a časopisov
|2 snkbucl
|9 267496
|
| 700 |
1 |
|
|a Matsuoka, Y.
|4 aut
|9 1268049
|
| 700 |
1 |
|
|a Tsushima, H.
|4 aut
|9 1268050
|
| 700 |
1 |
|
|a Koga, Y.
|4 aut
|9 1268051
|
| 700 |
1 |
|
|a Mihara, H.
|4 aut
|9 1268052
|
| 700 |
1 |
|
|a Hopsu-Havu, V. K.
|4 aut
|9 1268053
|
| 773 |
0 |
|
|t Neoplasma
|g Roč. 39, č. 2 (1992), s. 107-114
|
| 850 |
|
|
|a Slovenská národná knižnica v Martine
|a MTA001
|
| 852 |
|
|
|a SNK
|b KIS3GCP
|
| 958 |
|
|
|a RK
|
| 958 |
|
|
|a NB
|
| 958 |
|
|
|a OND
|
| 958 |
|
|
|a EUIPO
|
| 958 |
|
|
|a article27
|
| 992 |
|
|
|a RBX
|
| 999 |
|
|
|c 2270632
|d 2272562
|